000 00504nam a22001937a 4500
003 MPLRDC
005 20220104194148.0
008 210129b ||||| |||| 00| 0 eng d
020 _a978-986-5880-63-7
082 _a874.59 SCH-2
100 _aVICTORIA SCHWAB
245 _a历史档案馆 2
_c林零 译
250 _a初版
260 _a台湾
_b奇幻基地出版
_c2014
300 _b
490 _a幻想藏书阁: 078
650 _a美国文学--长鞭小说
942 _cBK
_o874.59 SCH-2
999 _c65548
_d65538